Soviet Anthem (Russian Transliterated) Lyrics - Statistics

General Stats
  • This quiz has been taken 79 times
  • The average score is 7 of 17
Answer Stats
Lyric Answer % Correct
8 Rus
87%
3 Respublik
73%
1 Soiuz
62%
17 Soiuz
62%
6 Naveki
47%
5 Splotila
45%
9 Da
42%
4 Svobodnykh
40%
2 Nerushimyj
38%
7 Velikaia
33%
13 Narodov
29%
10 Zdravstvuet
24%
11 Sozdannyj
22%
12 Volej
22%
15 Moguchij
18%
14 Edinyj
16%
16 Sovetskij
15%
No matching quizzes found
Score Distribution
Percent of People with Each Score
Percentile by Number Answered
Your Score History
You have not taken this quiz